[Event "Lvov zt"]
[Site "Lvov"]
[Date "1990.??.??"]
[Round "?"]
[White "Khalifman, Alexander"]
[Black "Kuzmin, Gennadi P"]
[Result "1/2-1/2"]
[WhiteElo "2560"]
[BlackElo "2495"]

1.e4 e5 2.Nf3 d6 3.d4 exd4 4.Nxd4 Nf6 5.Nc3 Be7 6.g3 d5 7.e5 Ng4 8.e6 Nf6
9.exf7+ Kxf7 10.Bg2 c6 11.O-O Re8 12.Nce2 Nbd7 13.b3 Ne5 14.Bb2 Bc5 15.h3 Qb6
16.Nf4 Kg8 17.c3 Bd7 18.Qc2 Nf7 19.Rae1 Ng5 20.Bc1 Bd6 21.Nxd5 Nxh3+ 22.Bxh3 cxd5
23.Bxd7 Nxd7 24.Nf5 Bf8 25.Be3  1/2-1/2

[Event "Lvov zt"]
[Site "Lvov"]
[Date "1990.??.??"]
[Round "?"]
[White "Lputian, Smbat G"]
[Black "Khalifman, Alexander"]
[Result "0-1"]
[WhiteElo "2545"]
[BlackElo "2560"]

1.d4 d5 2.c4 c6 3.Nf3 Nf6 4.Nc3 dxc4 5.a4 Bf5 6.e3 e6 7.Bxc4 Bb4 8.O-O O-O
9.Nh4 Bg6 10.f4 c5 11.Nxg6 hxg6 12.Na2 Nc6 13.Nxb4 Nxb4 14.dxc5 Qa5 15.b3 Qxc5
16.Qf3 Rfd8 17.Kh1 Qc6 18.a5 Rac8 19.Ra4 Nd3 20.Ba3 Nc5 21.Bxc5 Qxf3 22.gxf3 Rxc5
23.Ra2 Kf8 24.Rg1 Ke7 25.Rg5 Rxg5 26.fxg5 Nd5 27.Re2 Nb4 28.Kg2 Rd1 29.a6 bxa6
30.Kf2 Rh1 31.Kg3 a5 32.Rd2 a6 33.h4 Rg1+ 34.Kf2 Rh1 35.Kg3 Rg1+ 36.Kf2 Rc1
37.Be2 Rc3 38.Bd1 Nd5 39.e4 Nb4 40.Rd4 e5 41.Rd2 Rd3 42.Ke2 Rxd2+ 43.Kxd2 Kd6
44.Be2 Kc5 45.Bc4 a4 46.Bxf7 a3 47.Kc1 Nd3+ 48.Kb1 Ne1 49.Ka2 Kb4 50.f4 exf4
51.Bxg6 Nf3 52.e5 Nxe5 53.Be4 f3 54.h5 f2 55.Bg2 Nf7 56.g6 Nh6  0-1

[Event "New York op"]
[Site "New York"]
[Date "1990.??.??"]
[Round "2"]
[White "Wolff, Patrick G"]
[Black "Khalifman, Alexander"]
[Result "1/2-1/2"]
[WhiteElo "2500"]
[BlackElo "2560"]

1.e4 c6 2.d4 d5 3.Nc3 dxe4 4.Nxe4 Nd7 5.Ng5 Ngf6 6.Bd3 e6 7.N1f3 Be7 8.c3 h6
9.Ne4 c5 10.O-O cxd4 11.Nxf6+ Nxf6 12.Nxd4 O-O 13.Re1 Bc5 14.Bf4 b6 15.Nb3 Be7
16.Qf3 Qd5 17.Qxd5 Nxd5 18.Be4 Bb7 19.Be5  1/2-1/2

[Event "New York op"]
[Site "New York"]
[Date "1990.??.??"]
[Round "3"]
[White "Khalifman, Alexander"]
[Black "Byrne, Robert E"]
[Result "1-0"]
[WhiteElo "2560"]
[BlackElo "2460"]

1.e4 c5 2.Nf3 d6 3.d4 cxd4 4.Nxd4 Nf6 5.Nc3 a6 6.Be3 e5 7.Nf3 Be7 8.Bc4 O-O
9.O-O Nc6 10.Qe2 Na5 11.Bd5 Be6 12.Rad1 Qc7 13.Bxe6 fxe6 14.Ng5 Qc8 15.f4 exf4
16.Bxf4 Nc4 17.Na4 b5 18.b3 h6 19.Nf3 bxa4 20.bxc4 e5 21.Bc1 Qc5+ 22.Be3 Qc6
23.Nh4 Rf7 24.Nf5 Bf8 25.Ng3 Rc8 26.c5 dxc5 27.Qc4 Qb5 28.Qe6 Re8 29.Qf5 Rd7
30.Nh5 Rf7 31.Qg6 Re6 32.Bxh6 Qe8 33.Rxf6  1-0

[Event "New York op"]
[Site "New York"]
[Date "1990.??.??"]
[Round "5"]
[White "Alburt, Lev O"]
[Black "Khalifman, Alexander"]
[Result "0-1"]
[WhiteElo "2565"]
[BlackElo "2560"]

1.d4 d5 2.c4 c6 3.Nf3 Nf6 4.Qb3 dxc4 5.Qxc4 Bf5 6.g3 e6 7.Bg2 Be7 8.O-O O-O
9.Bf4 Nbd7 10.Qc1 Rc8 11.Nc3 Nd5 12.Bg5 h6 13.Bxe7 Qxe7 14.Qd1 N7f6 15.Qb3 Nxc3
16.Qxc3 Be4 17.Rac1 Rfd8 18.a3 Rd5 19.b4 a5 20.bxa5 Ra8 21.Ne5 Bxg2 22.Kxg2 Rdxa5
23.Nc4 R5a6 24.Qb2 b5 25.Ne5 Qb7 26.Qc3 c5+ 27.Qf3 Qxf3+ 28.Nxf3 c4 29.Rb1 Ra5
30.Ne5 Ne4 31.a4 Nd2 32.axb5 Nxf1 33.Nxc4 Ra1 34.Rxf1 Rxf1 35.Kxf1 Ra4 36.Ne5 Rxd4
37.Nc6 Rd1+ 38.Kg2 Rb1 39.Nd4 e5 40.Nf5 Rxb5 41.g4 Rb4 42.Kg3 Kh7 43.Nd6 Kg6
44.e3 Rb6 45.Nf5 Kf6 46.Nh4 g6 47.Nf3 Rb4 48.h3 Ke6 49.Nd2 Kd5 50.Kf3 Ra4
51.Nf1 e4+ 52.Kg2 Kc4 53.Ng3 Kd3 54.Kf1 Kd2 55.h4 Rb4 56.Kg2 Ke1 57.Kg1 Rc4
58.Kg2 Rc2 59.Nxe4 f5 60.gxf5 gxf5 61.Ng3 Rxf2+ 62.Kh3 Kd2 63.e4 f4 64.Nf5 h5
65.Ng7 f3 66.Nxh5 Rg2 67.e5 Rg1  0-1

[Event "New York op"]
[Site "New York"]
[Date "1990.??.??"]
[Round "7"]
[White "Epishin, Vladimir"]
[Black "Khalifman, Alexander"]
[Result "1/2-1/2"]
[WhiteElo "2550"]
[BlackElo "2560"]

1.d4 Nf6 2.c4 e6 3.Nf3 d5 4.Nc3 Be7 5.Bg5 O-O 6.e3 h6 7.Bh4 b6 8.Rc1 Bb7
9.Bxf6 Bxf6 10.cxd5 exd5 11.Bd3 c5 12.O-O cxd4 13.exd4 Nc6  1/2-1/2

[Event "New York op"]
[Site "New York"]
[Date "1990.??.??"]
[Round "8"]
[White "Khalifman, Alexander"]
[Black "Olafsson, Helgi"]
[Result "1/2-1/2"]
[WhiteElo "2560"]
[BlackElo "2575"]

1.d4 Nf6 2.c4 g6 3.Nc3 d5 4.Nf3 Bg7 5.cxd5 Nxd5 6.e4 Nxc3 7.bxc3 c5 8.Rb1 O-O
9.Be2 Nc6 10.d5 Ne5 11.Nxe5 Bxe5 12.Qd2 b6 13.f4 Bg7 14.c4 e5 15.O-O exf4
16.Qxf4 Qe7 17.Bb2 Bd7 18.Bd3 Bxb2 19.Rxb2 f6 20.Rbf2  1/2-1/2

[Event "New York op"]
[Site "New York"]
[Date "1990.??.??"]
[Round "9"]
[White "Hellers, Ferdinand"]
[Black "Khalifman, Alexander"]
[Result "0-1"]
[WhiteElo "2525"]
[BlackElo "2560"]

1.e4 c6 2.d4 d5 3.Nc3 dxe4 4.Nxe4 Bf5 5.Ng3 Bg6 6.h4 h6 7.Nf3 Nd7 8.h5 Bh7
9.Bd3 Bxd3 10.Qxd3 e6 11.Bf4 Qa5+ 12.Bd2 Qc7 13.O-O-O O-O-O 14.Qe2 Ngf6 15.Ne5 Nb6
16.c4 Rxd4 17.Be3 Rxd1+ 18.Rxd1 Rg8 19.Bf4 Nbd7 20.Qd2 Bb4 21.Qxb4 Nxe5 22.Ne2 Nxh5
23.Be3 Rd8 24.Rxd8+ Qxd8 25.Qc3 Qd6 26.Bxa7 c5 27.Qa5 Nd3+ 28.Kb1 Qa6 29.Qc3 Nxb2
30.Qxb2 Qxa7 31.Qe5 Qb6+ 32.Kc2 Nf6 33.Nc3 Qc7 34.Qe3 Ng4 35.Qe2 Ne5 36.Nb5 Nc6
37.Nxc7 Nd4+ 38.Kd2 Nxe2 39.Ne8 Nf4 40.g3 Nh3 41.Ke3 Kd7 42.Nxg7 Ng5 43.Nh5 f5
44.Nf4 Kd6 45.Nd3 e5 46.f3 Nxf3  0-1

[Event "Bled/Rogaska Slatina"]
[Site "Bled"]
[Date "1991.??.??"]
[Round "3"]
[White "Vaganian, Rafael A"]
[Black "Khalifman, Alexander"]
[Result "1/2-1/2"]
[WhiteElo "2585"]
[BlackElo "2640"]

1.d4 d5 2.c4 c6 3.Nf3 Nf6 4.e3 Bf5 5.Bd3 Bxd3 6.Qxd3 e6 7.O-O Nbd7 8.Nc3 Bb4
9.Bd2 Bxc3 10.Bxc3 O-O 11.Nd2 Re8 12.Rfd1 Qb8 13.Rac1  1/2-1/2

[Event "Bled/Rogaska Slatina"]
[Site "Bled"]
[Date "1991.??.??"]
[Round "5"]
[White "Gostisa, Leon"]
[Black "Khalifman, Alexander"]
[Result "1/2-1/2"]
[WhiteElo "2440"]
[BlackElo "2640"]

1.Nf3 Nf6 2.d4 g6 3.Bf4 Bg7 4.c3 d6 5.h3 O-O 6.Nbd2 c5 7.dxc5 dxc5 8.e4 Nc6
9.Be2 b6 10.O-O Nh5 11.Bh2 Bh6 12.Qc2 Bf4 13.Rfe1 Bxh2+ 14.Kxh2 Qc7+ 15.g3 Bb7
16.Nc4 Rad8 17.Rad1 Nf6 18.Rxd8 Nxd8 19.Nfd2 Ne6 20.Bf1 Rd8 21.Kg1 b5 22.Ne3 Ng5
23.Bg2 Qd7 24.Rd1 Nxh3+ 25.Kf1 Qc8 26.c4 Ng4 27.Nxg4 Qxg4 28.Bf3 Qc8 29.cxb5 Ng5
30.Bg2 Qg4 31.Re1 Qd7 32.Nc4 Qxb5 33.Kg1 Qb4 34.Rc1 Ne6 35.a3 Qb5 36.Ne3 Qb6
37.Kh2 Rd4 38.Nd5 Qd6 39.Qb3 Ba6 40.Re1 h5 41.Kg1 Qd8 42.Qe3 Rd3 43.Qc1 Rb3
44.Re3 Rxe3 45.Qxe3 Qd6 46.b4 Bb7 47.bxc5 Qxc5 48.Qxc5 Nxc5 49.Nxe7+ Kf8
50.Nd5 Bxd5 51.exd5 Ke7 52.f4 Kd6 53.Kf2 Na4 54.Ke3 Nc3 55.Kd3 Nxd5 56.Kd4 Ne7
57.Bh3 f6 58.Ke4 g5 59.fxg5 fxg5 60.Bf1 Ke6 61.Bh3+ Kd6 62.Bf1 Ke6 63.Bh3+ g4
64.Bf1 Kf6 65.Bc4 Nf5 66.Kf4 Ng7 67.a4 a5 68.Bb5 Ne6+ 69.Ke3 Ke5 70.Bc6 Ng7
71.Kf2 Kf6 72.Bb5 Kg5 73.Bd7 Nf5 74.Be8 Nd6 75.Bc6 Kf5 76.Kg1 Ke5 77.Kg2 Kd4
78.Kf2 Ne4+ 79.Kg2 Kc5 80.Be8 Kb4 81.Kh2 Kc4 82.Kg2 Nf6 83.Bc6 Kd4 84.Bb5 Ke3
85.Bc6 Ke2 86.Bb5+ Kd2 87.Bc6 Ke3 88.Bb5 Nd5 89.Be8 Ke2 90.Bb5+ Ke1 91.Kg1 Ne3
92.Ba6 Nd5  1/2-1/2

[Event "Bled/Rogaska Slatina"]
[Site "Bled"]
[Date "1991.??.??"]
[Round "6"]
[White "Khalifman, Alexander"]
[Black "Sokolov, Ivan"]
[Result "1-0"]
[WhiteElo "2640"]
[BlackElo "2570"]

1.d4 Nf6 2.Nf3 d5 3.c4 e6 4.g3 Bb4+ 5.Bd2 Be7 6.Bg2 O-O 7.O-O c6 8.Bf4 Nbd7
9.Qc2 a5 10.Nbd2 Nh5 11.Be3 a4 12.Rfd1 Qa5 13.Bg5 f6 14.Be3 Bd6 15.Ne1 f5
16.Ndf3 Qa6 17.Rac1 Qxc4 18.Qxc4 dxc4 19.Rxc4 Nb6 20.Rcc1 a3 21.b3 Nd5 22.Bd2 Nb4
23.Bxb4 Bxb4 24.Nd3 Be7 25.Nfe5 Rd8 26.e3 Nf6 27.Rc4 Nd7 28.b4 Nxe5 29.Nxe5 Bf6
30.f4 Bxe5 31.fxe5 Ra4 32.Rb1 Bd7 33.Kf2 Kf7 34.Ke2 Ke7 35.Kd2 g5 36.Rc5 h5
37.Ra5 Ra8 38.Rxa4 Rxa4 39.h4 gxh4 40.gxh4 Ra8 41.Bf3 Rg8 42.Ke2 Kd8 43.Rb3 Kc7
44.Rxa3 Rf8 45.Rc3 f4 46.a4 fxe3 47.Kxe3 Rg8 48.Rc1 Rg7 49.a5 Kd8 50.Rh1 Be8
51.Rh2 Rg1 52.Rg2 Re1+ 53.Kd2 Rf1 54.Ke3 Re1+ 55.Kf4 Rb1 56.Rg8 Kd7 57.Rg7+ Kc8
58.Rg8 Kd7 59.Rg7+ Kc8 60.Re7 Bd7 61.Bxh5 Rxb4 62.Bg6 Rxd4+ 63.Kg5  1-0

[Event "Bled/Rogaska Slatina"]
[Site "Bled"]
[Date "1991.??.??"]
[Round "7"]
[White "Mohr, Georg"]
[Black "Khalifman, Alexander"]
[Result "1/2-1/2"]
[WhiteElo "2465"]
[BlackElo "2640"]

1.Nf3 Nf6 2.c4 g6 3.Nc3 Bg7 4.e4 d6 5.d4 e5 6.Be2 O-O 7.Be3 c6 8.O-O Nbd7
9.d5 c5 10.Nd2 Ne8 11.a3 f5 12.f3 Bf6 13.b4 Bg5 14.Bf2 b6 15.Ra2 Ndf6 16.bxc5 bxc5
17.Qa4 Nh5 18.Rb1 Nf4 19.Nf1 Rf7 20.Rab2 Bd7 21.Qa6 Bh4 22.Bg3 Qg5 23.Bd1 Bxg3
24.hxg3 Nh5 25.Kf2 f4 26.g4 Qh4+ 27.Ke2 Ng3+ 28.Nxg3 fxg3 29.Ba4 Bxa4 30.Qxa4 Nf6
31.Kd3 Raf8 32.Qc6 Ne8 33.Rb8 Qh2 34.Rxe8 Qxg2 35.Rxf8+ Rxf8 36.Ne2 Qxf3+
37.Kd2 Qxa3 38.Rg1 Qb2+ 39.Ke3 Qb3+ 40.Kd2 Qb2+ 41.Ke3 Qb3+  1/2-1/2

[Event "Bled/Rogaska Slatina"]
[Site "Bled"]
[Date "1991.??.??"]
[Round "9"]
[White "Djuric, Stefan"]
[Black "Khalifman, Alexander"]
[Result "0-1"]
[WhiteElo "2540"]
[BlackElo "2640"]

1.d4 Nf6 2.c4 e6 3.Nf3 b6 4.Nc3 Bb4 5.e3 Bb7 6.Bd3 O-O 7.O-O d5 8.a3 Bd6
9.Qe2 c5 10.dxc5 bxc5 11.e4 d4 12.Nb5 Be7 13.e5 Ne8 14.b4 a6 15.Nd6 Nxd6
16.exd6 Qxd6 17.bxc5 Qxc5 18.Rb1 Bxf3 19.Qxf3 Nd7 20.Bf4 Bd6 21.Rb7 Rad8
22.Qh3 f5 23.Bg5 Qc6 24.Rfb1 Rb8 25.Rxb8 Rxb8 26.Rxb8+ Bxb8 27.Bf1 Nc5 28.Bd2 Ne4
29.Be1 Qd6 30.f3 d3 31.fxe4 Ba7+ 32.Bf2 d2 33.Bxa7 d1=Q 34.exf5 Qf4 35.Bf2 Qxc4  0-1

[Event "Bled/Rogaska Slatina"]
[Site "Bled"]
[Date "1991.??.??"]
[Round "12"]
[White "Khalifman, Alexander"]
[Black "Grosar, Aljosa"]
[Result "1-0"]
[WhiteElo "2640"]
[BlackElo "2370"]

1.d4 Nf6 2.c4 e6 3.g3 Bb4+ 4.Bd2 c5 5.Bg2 Bxd2+ 6.Qxd2 cxd4 7.Nf3 d5 8.cxd5 Qxd5
9.O-O O-O 10.Nxd4 Qh5 11.Nf3 e5 12.Qg5 Nc6 13.Nc3 Bg4 14.Qxh5 Bxh5 15.h3 Bxf3
16.Bxf3 Rfd8 17.Rfd1 Kf8 18.Kf1 Ke7 19.e3 Rxd1+ 20.Rxd1 Rd8 21.Rxd8 Nxd8
22.Ke2 a6 23.Kd3 Kd6 24.b4 b6 25.h4 h6 26.a4 Nc6 27.Kc4 Nd8 28.Ne4+ Nxe4
29.Bxe4 g5 30.h5 Nc6 31.g4 Nd8 32.Kd3 Ne6 33.Bf3 Nd8 34.Ba8 Ne6 35.Kc4 Nd8
36.Be4 Nc6 37.b5 Na5+ 38.Kb4 axb5 39.Kxb5 Kc7 40.Bd5 f6 41.Bg2 Nb3 42.Kc4 Nd2+
43.Kd3 Nb3 44.Ke4 Nc5+ 45.Kf5 Nxa4 46.Kg6 Nc3 47.Kxh6 b5 48.Bf1  1-0

[Event "GER CupT"]
[Site "GER"]
[Date "1991.??.??"]
[Round "?"]
[White "Ribli, Zoltan"]
[Black "Khalifman, Alexander"]
[Result "1/2-1/2"]
[WhiteElo "2595"]
[BlackElo "2640"]

1.Nf3 d6 2.d4 Bg4 3.Nbd2 Nf6 4.h3 Bxf3 5.Nxf3 g6 6.c3 c6 7.Qb3 Qb6 8.Bf4 Bg7
9.e3 O-O 10.Bc4 Nbd7 11.O-O d5 12.Bd3 e6 13.Rfc1 Rfe8 14.Ne5 Nxe5 15.Bxe5 Nd7
16.Bg3 e5 17.Bf1  1/2-1/2

[Event "Hamburg SKA"]
[Site "Hamburg"]
[Date "1991.??.??"]
[Round "?"]
[White "Hansen, Curt"]
[Black "Khalifman, Alexander"]
[Result "1-0"]
[WhiteElo "2565"]
[BlackElo "2640"]

1.c4 e5 2.Nc3 d6 3.g3 Nc6 4.Bg2 g6 5.e4 Bg7 6.d3 Nd4 7.Nce2 Ne6 8.Nh3 Ne7
9.Ng5 Nc6 10.Nxe6 Bxe6 11.Be3 Qd7 12.h4 h5 13.Qd2 a6 14.Rc1 O-O 15.Bh6 b5
16.Bxg7 Kxg7 17.O-O bxc4 18.dxc4 a5 19.b3 a4 20.b4 a3 21.f4 Bg4 22.b5 Na5
23.f5 c6 24.Bf3 f6 25.Bxg4 hxg4 26.fxg6 Kxg6 27.Rf5 Qe6 28.bxc6 Nxc6 29.Rcf1 Rab8
30.Qd1 Kh7 31.Nf4 exf4 32.Qxg4 Qxf5 33.Qxf5+ Kh8 34.Qh5+ Kg7 35.gxf4 Rh8
36.Qg4+ Kf8 37.Qd7 Ne7 38.e5 dxe5 39.Qd6 Kf7 40.fxe5 Rbg8+ 41.Kf2  1-0

[Event "Hamburg SKA"]
[Site "Hamburg"]
[Date "1991.??.??"]
[Round "?"]
[White "Khalifman, Alexander"]
[Black "Cramling, Pia"]
[Result "1/2-1/2"]
[WhiteElo "2640"]
[BlackElo "2470"]

1.d4 Nf6 2.Nf3 g6 3.c4 Bg7 4.Nc3 O-O 5.e4 d6 6.Be2 e5 7.O-O Na6 8.Be3 Ng4
9.Bg5 f6 10.Bc1 c6 11.h3 Nh6 12.Be3 Nf7 13.dxe5 dxe5 14.c5 Nc7 15.Bc4 Be6
16.Qe2 Qe7 17.b4 Bh6 18.Bxh6 Nxh6 19.Nd2 Nf7 20.Nb3 Rfd8 21.Rfd1  1/2-1/2

[Event "Hamburg SKA"]
[Site "Hamburg"]
[Date "1991.??.??"]
[Round "?"]
[White "Khalifman, Alexander"]
[Black "Jussupow, Artur"]
[Result "1/2-1/2"]
[WhiteElo "2640"]
[BlackElo "2605"]

1.d4 Nf6 2.c4 e6 3.Nf3 d5 4.Nc3 Nbd7 5.Bg5 c6 6.cxd5 exd5 7.e3 Be7 8.Qc2 O-O
9.Bd3 Re8 10.h3 Nf8 11.O-O Be6 12.a3 Rc8 13.b4 Rc7 14.Rfc1 a6 15.Bxf6 Bxf6
16.Na4 Be7 17.Nc5 Bd6  1/2-1/2

[Event "Hamburg SKA"]
[Site "Hamburg"]
[Date "1991.??.??"]
[Round "?"]
[White "Khalifman, Alexander"]
[Black "Maus, Soenke"]
[Result "1-0"]
[WhiteElo "2640"]
[BlackElo "2400"]

1.d4 Nf6 2.Nf3 c5 3.d5 e6 4.c4 exd5 5.cxd5 d6 6.e4 g6 7.Nc3 Bg7 8.h3 O-O
9.Bd3 Bd7 10.Bf4 Re8 11.O-O b5 12.Bxd6 b4 13.Ne2 Nxe4 14.Bxe4 Rxe4 15.Ng3 Re8
16.Bxc5 Bb5 17.Re1 Rxe1+ 18.Qxe1 Bxb2 19.Rd1 Bc3 20.Qe4 Na6 21.Be7 Qd7 22.d6 Re8
23.Qh4 Nc5 24.Nd4 Bd3 25.Nh5 Bxd4 26.Qxd4 gxh5 27.Qxc5 Bg6 28.Rd4 h6 29.Qxb4 Kh7
30.Qa4 Qe6 31.d7 Qe1+ 32.Kh2 Rb8 33.d8=Q Rb1 34.Rd1  1-0

[Event "Hamburg SKA"]
[Site "Hamburg"]
[Date "1991.??.??"]
[Round "?"]
[White "Khalifman, Alexander"]
[Black "Mueller, Karsten"]
[Result "0-1"]
[WhiteElo "2640"]
[BlackElo "2425"]

1.e4 e6 2.d4 d5 3.Nc3 Nf6 4.Bg5 Be7 5.e5 Nfd7 6.Bxe7 Qxe7 7.f4 a6 8.Nf3 b6
9.h4 c5 10.h5 Nc6 11.h6 g6 12.Qd2 Bb7 13.O-O-O O-O-O 14.Kb1 Kb8 15.Re1 Rc8
16.dxc5 Nxc5 17.Nd4 Rhd8 18.Nxc6+ Bxc6 19.Qd4 b5 20.Bd3 Ka8 21.Ne2 Bb7 22.Nc1 Na4
23.Rd1 Qc7 24.Nb3 Nb6 25.Nd2 Nc4 26.Nf3 Qa5 27.Ng5 Nd2+ 28.Rxd2 Qxd2 29.Rc1 Rc7
30.g3 Rdc8 31.Qg1 Kb8 32.Qe1 Qh2 33.a4 bxa4 34.Qb4 Qxh6 35.Bxa6 Qf8 36.Qxa4 h6
37.Nf3 Qc5 38.Bxb7 Rxb7 39.Ne1 Qb6 40.Qa3 Qb4 41.Qxb4 Rxb4 42.c3 Re4 43.Nc2 g5
44.Rf1 gxf4 45.gxf4 h5 46.Nd4 Rc5 47.Ka2 h4 48.Rf3 Kb7 49.Kb3 Kb6 50.f5 Rxe5
51.fxe6 fxe6 52.Rf8 Rc7 53.Rh8 Re4 54.Rh6 Re7 55.Nf5 Rd7 56.Nd4 Rc7 57.Ka3 Rc8
58.Kb3 Re8 59.Kc2 Kc7 60.Kd3 Kd7 61.b4 Rg8 62.Rh7+ Kd6 63.b5 Rg3+ 64.Kd2 Rg2+
65.Kd3  0-1

[Event "Hamburg SKA"]
[Site "Hamburg"]
[Date "1991.??.??"]
[Round "?"]
[White "Bischoff, Klaus"]
[Black "Khalifman, Alexander"]
[Result "1/2-1/2"]
[WhiteElo "2495"]
[BlackElo "2640"]

1.d4 Nf6 2.c4 e6 3.Nc3 Bb4 4.e3 O-O 5.Ne2 Re8 6.a3 Bf8 7.g3 d5 8.cxd5 exd5
9.Bg2 a5 10.O-O c6 11.Bd2 Na6 12.Rc1 Nc7 13.f3 Ne6 14.Be1 c5 15.Bf2 b6 16.Qd2 Ba6
17.Rfd1 Bc4 18.Nf4 cxd4 19.exd4 Nxf4 20.Qxf4 b5 21.Re1 Rxe1+ 22.Bxe1 Bd6
23.Qd2 Qd7  1/2-1/2

[Event "Hamburg SKA"]
[Site "Hamburg"]
[Date "1991.??.??"]
[Round "?"]
[White "Kindermann, Stefan"]
[Black "Khalifman, Alexander"]
[Result "1-0"]
[WhiteElo "2515"]
[BlackElo "2640"]

1.e4 g6 2.d4 Bg7 3.Nc3 d6 4.f4 Nf6 5.Nf3 c5 6.dxc5 Qa5 7.Bd3 Qxc5 8.Qe2 Bg4
9.Be3 Qa5 10.O-O O-O 11.h3 Bxf3 12.Qxf3 Nc6 13.Kh1 Nd7 14.Bd2 Nc5 15.Rad1 Qb6
16.Bc1 Bxc3 17.bxc3 Qa5 18.Bc4 Qa4 19.Qe2 Na5 20.Bd5 e6 21.Rd4 Qd7 22.Bb3 Qe7
23.Qf3 f5 24.exf5 Rxf5 25.Re1 Raf8 26.Qd1 Rd8 27.Ba3 Naxb3 28.cxb3 b6 29.c4 a5
30.Qd2 e5 31.Rd5 e4 32.Rd4 Qh4 33.Bxc5 bxc5 34.Rdxe4 Rdf8 35.Qxd6 Rxf4 36.Qe6+ Kh8
37.Qe5+ Kg8 38.Qd5+ Kh8 39.Qxc5 Rf1+ 40.Kh2  1-0

[Event "Hamburg SKA"]
[Site "Hamburg"]
[Date "1991.??.??"]
[Round "?"]
[White "Lobron, Eric"]
[Black "Khalifman, Alexander"]
[Result "1/2-1/2"]
[WhiteElo "2545"]
[BlackElo "2640"]

1.d4 Nf6 2.c4 e6 3.Nf3 b6 4.g3 Ba6 5.b3 Bb4+ 6.Bd2 Be7 7.Bg2 c6 8.Bc3 d5
9.Ne5 Ne4 10.O-O O-O 11.Bb2 Bb7 12.Nd2 Nxd2 13.Qxd2 Nd7 14.Nd3 Nf6 15.Rac1 Rc8
16.Rfd1 Bd6 17.Rc2 Qe7 18.Qc1 Rfd8 19.a4 h6 20.Qa1 Nd7 21.Rdc1 Qf8 22.Rd1 c5
23.dxc5 Nxc5 24.Nxc5 Bxc5 25.e3 Rc7 26.Rcd2 Rcd7 27.h4 f6 28.cxd5 Bxd5 29.Bxd5 Rxd5
30.Rxd5 Rxd5 31.Rxd5 exd5 32.Qd1 Qf7 33.h5 Qe6 34.Qd3 Qe4 35.Qxe4 dxe4 36.g4 a6
37.Kg2 b5 38.Kg3 Bd6+ 39.f4 exf3 40.Kxf3 Kf7 41.Ke4 Ke6 42.Bd4 Ba3  1/2-1/2

[Event "Hamburg SKA"]
[Site "Hamburg"]
[Date "1991.??.??"]
[Round "?"]
[White "Wahls, Matthias"]
[Black "Khalifman, Alexander"]
[Result "1/2-1/2"]
[WhiteElo "2560"]
[BlackElo "2640"]

1.e4 e5 2.Nf3 Nc6 3.Bb5 a6 4.Ba4 Nf6 5.O-O Be7 6.Re1 b5 7.Bb3 O-O 8.c3 d5
9.exd5 Nxd5 10.Nxe5 Nxe5 11.Rxe5 c6 12.d4 Bd6 13.Re2 Qh4 14.g3 Qh3 15.Nd2 Bf5
16.a4 Rae8 17.Rxe8 Rxe8 18.Nf1 b4 19.c4 Nf6 20.c5 Bc7 21.Bc4 a5 22.Bd2 h5
23.Qb3 Be4 24.f3 Bd5 25.Re1 Rxe1 26.Bxe1 Qf5 27.Bxd5 Nxd5 28.Qd1 Qe6 29.Bf2 f5
30.Qd3 g5 31.h3 Kg7 32.Nd2 h4 33.gxh4 gxh4 34.Kf1  1/2-1/2

[Event "Hamburg SKA"]
[Site "Hamburg"]
[Date "1991.??.??"]
[Round "?"]
[White "Wegner, Hannu"]
[Black "Khalifman, Alexander"]
[Result "0-1"]
[WhiteElo "2435"]
[BlackElo "2640"]

1.d4 Nf6 2.c4 e6 3.Nf3 d5 4.Bg5 Bb4+ 5.Nc3 dxc4 6.e4 c5 7.Bxc4 cxd4 8.Nxd4 Bxc3+
9.bxc3 Qa5 10.Bb5+ Nbd7 11.Bxf6 Qxc3+ 12.Kf1 gxf6 13.h4 a6 14.Rc1 Qb4 15.Be2 O-O
16.Rh3 Kh8 17.Rg3 Rg8 18.Rcc3 Ne5 19.Rxg8+ Kxg8 20.Rg3+ Kf8 21.Nf3 Nc6 22.e5 fxe5
23.Nxe5 Qd4 24.Nd3 e5 25.Qc1 Qxh4 26.Kg1 Bf5 27.Nxe5 Rc8 28.Qb2 Qb4 29.Rb3 Qe1+
30.Kh2 Qxf2 31.Nxc6 Qf4+ 32.Kg1 Rxc6 33.Qh8+ Ke7 34.Rxb7+ Bd7 35.Bf3 Qe3+
36.Kh2 Qf4+ 37.Kg1 Qe3+ 38.Kh2 Rh6+ 39.Kg3 Rg6+ 40.Kh2 Rh6+ 41.Kg3 Qe1+  0-1

[Event "Hamburg SKA"]
[Site "Hamburg"]
[Date "1991.??.??"]
[Round "?"]
[White "Wirthensohn, Heinz"]
[Black "Khalifman, Alexander"]
[Result "0-1"]
[WhiteElo "2460"]
[BlackElo "2640"]

1.d4 d6 2.e4 Nf6 3.Nc3 g6 4.Nf3 Bg7 5.Be3 O-O 6.Qd2 Bg4 7.Ng5 Nc6 8.h3 Bd7
9.d5 Nb4 10.Nf3 c6 11.Be2 cxd5 12.Nxd5 Na6 13.Nxf6+ Bxf6 14.Nd4 Nc5 15.Bf3 Qb6
16.b3 Qa6 17.b4 Ne6 18.a4 Qc4 19.Be2 Qc7 20.c4 a5 21.b5 Nxd4 22.Bxd4 Bxd4
23.Qxd4 Rac8 24.O-O Qc5 25.Qd2 b6 26.Qb2 Qe5 27.Qxe5 dxe5 28.Rac1 Rc5 29.Rfd1 Be6
30.Rd2 Rfc8 31.Rdc2 Kg7 32.f3 g5 33.Kf2 h5 34.Ke3 h4 35.Bf1 Kf8 36.Be2 Ke8
37.Bf1 f6 38.Be2 Rd8 39.Rd2 Rdc8 40.Rdc2 Rd8 41.Rd2 Rd6 42.Rxd6 exd6 43.Kd2 f5
44.Bd3 fxe4 45.fxe4 Ke7 46.Be2 Rc8 47.Bd3 g4 48.hxg4 Rg8 49.Rf1 Rxg4 50.Rf2 Rf4
51.Ke3 Rxf2 52.Kxf2 Bg4 53.Bc2 Kf6 54.Ke3 Kg5 55.Bb3 Bd7 56.Kf3 Bc8 57.Bc2 Bd7
58.Bb3 Bc8 59.Bc2 Be6 60.Bb3 Bg4+ 61.Ke3 Bh5 62.Bc2 Bf7  0-1

[Event "London WFW"]
[Site "London"]
[Date "1991.??.??"]
[Round "?"]
[White "King, Daniel J"]
[Black "Khalifman, Alexander"]
[Result "1/2-1/2"]
[WhiteElo "2545"]
[BlackElo "2640"]

1.c4 e6 2.g3 d5 3.Bg2 Nf6 4.Nf3 Be7 5.O-O O-O 6.d4 dxc4 7.Qc2 a6 8.a4 Bd7
9.Qxc4 Bc6 10.Bf4 a5 11.Nc3  1/2-1/2

[Event "London WFW"]
[Site "London"]
[Date "1991.??.??"]
[Round "?"]
[White "Davies, Nigel R"]
[Black "Khalifman, Alexander"]
[Result "0-1"]
[WhiteElo "2500"]
[BlackElo "2640"]

1.c4 e5 2.g3 Nc6 3.Bg2 g6 4.Nc3 Bg7 5.d3 f5 6.e3 Nf6 7.Nge2 O-O 8.O-O d6
9.b3 Be6 10.Nd5 Qd7 11.Bb2 Bf7 12.f4 Nxd5 13.cxd5 Nb4 14.e4 Qb5 15.Rf3 Nxd5
16.exd5 e4 17.Bxg7 exf3 18.Bxf8 Qb6+ 19.d4 fxe2 20.Qd2 Kxf8 21.Re1 Re8 22.Kf2 Qb5
23.Rxe2 Bxd5 24.Rxe8+ Kxe8 25.Bf1 Qc6 26.Be2 Kd8 27.Bf1 b6 28.Qb2 a5 29.a3 Kc8
30.b4 axb4 31.axb4 Qa4 32.Be2 Kb7 33.Ke3 Qe8+ 34.Kd2 Qe4 35.Qc3 Qg2 36.h4 Kb8
37.Ke1 Qg1+ 38.Kd2 Qb1 39.Ke3 Qa2 40.Kf2 Kb7 41.Ke1 h5 42.b5 Qa5 43.Kd2 Ba2
44.Bd3 d5 45.Qxa5 bxa5 46.g4 hxg4 47.Bxf5 gxf5 48.h5 g3 49.Ke3 g2 50.Kf2 Bc4
51.h6 a4 52.h7 a3 53.h8=Q a2  0-1

[Event "London WFW"]
[Site "London"]
[Date "1991.??.??"]
[Round "?"]
[White "Khalifman, Alexander"]
[Black "Arkell, Keith C"]
[Result "0-1"]
[WhiteElo "2640"]
[BlackElo "2450"]

1.Nf3 Nf6 2.d4 e6 3.c4 Bb4+ 4.Nbd2 b6 5.a3 Bxd2+ 6.Bxd2 Bb7 7.Bf4 d6 8.e3 Nbd7
9.Be2 Qe7 10.h3 Ne4 11.Bh2 f5 12.Rc1 a5 13.b3 O-O 14.O-O e5 15.c5 bxc5 16.dxe5 dxe5
17.Bb5 c6 18.Bc4+ Kh8 19.Qe2 Nd6 20.Rfd1 Nxc4 21.Qxc4 Ba6 22.Qh4 Qxh4 23.Nxh4 Ra7
24.Rd6 e4 25.Rcd1 Bd3 26.Nf3 a4 27.bxa4 Rf6 28.Rxf6 gxf6 29.Nd2 Rxa4 30.Bd6 Rxa3
31.Rc1 Ra2 32.Nb3 c4 33.Nd4 c5 34.Nxf5 Ra3 35.Nd4 Rb3 36.Ne6 Rb6 37.Ra1 Kg8
38.Ra8+ Kf7 39.Nd8+ Kg6 40.Bc7 Rb1+ 41.Kh2 c3 42.f4 exf3  0-1

[Event "London WFW"]
[Site "London"]
[Date "1991.??.??"]
[Round "?"]
[White "Khalifman, Alexander"]
[Black "Byrne, Robert E"]
[Result "1/2-1/2"]
[WhiteElo "2640"]
[BlackElo "2465"]

1.d4 Nf6 2.c4 g6 3.Nc3 Bg7 4.e4 d6 5.Nf3 O-O 6.Be2 e5 7.O-O Nc6 8.Be3 Ng4
9.Bg5 f6 10.Bc1 exd4 11.Nxd4 Nxd4 12.Qxd4 f5 13.Qd5+ Kh8 14.Bxg4 fxg4 15.Bg5 Qe8
16.Rad1 Be6 17.Qd3 Rf7 18.Be3 b6 19.Bd4 Qf8 20.b3  1/2-1/2

[Event "London WFW"]
[Site "London"]
[Date "1991.??.??"]
[Round "?"]
[White "Khalifman, Alexander"]
[Black "Larsen, Bent"]
[Result "1-0"]
[WhiteElo "2640"]
[BlackElo "2560"]

1.d4 Nf6 2.Nf3 d6 3.c4 Bg4 4.Nc3 g6 5.e4 Bg7 6.Be2 Nfd7 7.Be3 c5 8.d5 Na6
9.O-O O-O 10.Ng5 Bxe2 11.Qxe2 Nc7 12.a4 a6 13.f4 Rb8 14.e5 dxe5 15.f5 b5
16.axb5 axb5 17.Qg4 Rb6 18.b4 gxf5 19.Qxf5 Rg6 20.bxc5 bxc4 21.d6 exd6 22.cxd6 Ne6
23.Nxf7 Qf6 24.Qxf6 Rxf6 25.Rxf6 Bxf6 26.Nh6+ Kg7 27.Ra7 Rd8 28.Nf5+ Kg6
29.Ne7+ Kf7 30.Nc6 Rc8 31.Rxd7+ Ke8 32.Nxe5 Bxe5 33.Re7+ Kd8 34.Bb6+  1-0

[Event "London WFW"]
[Site "London"]
[Date "1991.??.??"]
[Round "?"]
[White "Khalifman, Alexander"]
[Black "Sadler, Matthew"]
[Result "1/2-1/2"]
[WhiteElo "2640"]
[BlackElo "2440"]

1.e4 c5 2.Nf3 d6 3.d4 cxd4 4.Nxd4 Nf6 5.Nc3 a6 6.Be2 g6 7.Be3 Bg7 8.O-O O-O
9.Qd2 Nc6 10.f4 Bd7 11.Kh1 Rc8 12.Rad1 b5 13.a3 Qc7 14.Nb3 Qb8 15.Bf3 Bg4
16.Bxg4 Nxg4 17.Bg1 b4 18.axb4 Nxb4 19.Qe2 Nf6 20.e5 Ne8 21.Rfe1 Nc7 22.exd6 exd6
23.Bd4 Ne6 24.Bxg7 Nxg7 25.Nd4 d5 26.Qd2 Rc4 27.Nce2 Ne6 28.c3 Nc6 29.b3 Rc5
30.f5 gxf5 31.Nxf5 Qxb3 32.Qh6 Qc2 33.Qf6 h5 34.Ned4 Ncxd4 35.cxd4 Rc7 36.Ra1 Qd2
37.Rf1 Qg5 38.Qxg5+ Nxg5 39.Rxa6 Ne6 40.Ra5 Rd8 41.Kg1 Kh7 42.h3 Rb7 43.Ne3 Rbd7
44.Rf5 Kg6 45.Rfxd5 Rxd5 46.Nxd5 Kg7 47.Ne3 Nxd4 48.Rxh5 Ne6 49.Rd5 Ra8 50.Kf2 Ra3
51.h4 Kg6 52.g4 Ra1 53.Kg3 Rg1+ 54.Kf3 Ra1 55.Rd6 Ra3 56.Rd5 Ra4 57.Rd3 Kg7
58.Kg3 Ra1 59.Nf5+ Kg6 60.h5+ Kf6 61.Ne3 Rg1+  1/2-1/2